Tìm hiểu cấu trúc và hướng dẫn sửa chữa bảo trì máy PC Kèm 01 đĩa CD-ROM

Spremljeno u:
Bibliografski detalji
Glavni autor: PHẠM HOÀNG DŨNG
Format: Knjiga
Jezik:Undetermined
Izdano: Hà Nội LĐXH 2001
Teme:
Oznake: Dodaj oznaku
Bez oznaka, Budi prvi tko označuje ovaj zapis!
Thư viện lưu trữ: Trung tâm Học liệu Trường Đại học Cần Thơ
LEADER 00558nam a2200181Ia 4500
001 CTU_47596
008 210402s9999 xx 000 0 und d
082 |a 004.16 
082 |b D513/T2 
100 |a PHẠM HOÀNG DŨNG 
245 0 |a Tìm hiểu cấu trúc và hướng dẫn sửa chữa bảo trì máy PC 
245 0 |b Kèm 01 đĩa CD-ROM 
245 0 |c PHẠM HOÀNG DŨNG 
260 |a Hà Nội 
260 |b LĐXH 
260 |c 2001 
650 |a microcomputers 
980 |a Trung tâm Học liệu Trường Đại học Cần Thơ